| 000 | 01706nam a2200265Ia 4500 | ||
|---|---|---|---|
| 003 | Ost | ||
| 005 | 20260507075243.0 | ||
| 008 | 260507s9999||||xx |||||||||||||| ||und|| | ||
| 040 | _cfsecg | ||
| 041 | _aara | ||
| 082 | _a330 | ||
| 100 |
_aأبو بكر، عيد أحمد _eمؤلف |
||
| 245 | 0 |
_aمبادئ التحليل الكمي / _c عيد أحمد أبو بكر |
|
| 260 |
_aعمان: _bدار اليازوري, _c2009 |
||
| 300 |
_a312 صفحة؛ _bإيضاحات ؛ _c24 سم |
||
| 504 | _aمراجع ص.311 | ||
| 520 | _aالتحليل الكمي للعلاقة بين النتغيرات الاقتصادية ، : تحليل التعادل ، الدالة التربيعية ، الامثلية للدوال الاقتصادية ، المحددات : طبيعةو استخدامات و خصائص المحددات ، استخدام المحددات في حل المشاكل الاقتصادية و الادارية و المالية ، المصفوفات : طبيعة المصفوفات و العمليات الجبرية عليها، استخدام المصفوفات في حل المشاكل السابقة ، أسلوب البرمجة الخطية : طبيعة البرمجة الخطية ،استخدام الطريقة البيانية و طريقة السمبلكس في حل نماذج البرمجة الخطية ، المشكلة المقابلة . | ||
| 653 | _aالإحصاء - المعاملات الإرتباطية | ||
| 653 | _aالإقتصاد القياسي | ||
| 653 | _aالبرمجيات | ||
| 653 | _aالتحليل الإحصائي | ||
| 653 | _aالحاسوب | ||
| 700 |
_aالسيفو، وليد اسماعيل _eمؤلف ثانوي |
||
| 942 | _cكتاب | ||
| 999 |
_c43639 _d43639 |
||